书目信息 |
| 题名: |
苏东坡墨迹选
|
|
| 作者: | 苏东坡 绘 | |
| 分册: | ||
| 出版信息: | 上海 上海书店 1965 |
|
| 页数: | 一册 | |
| 开本: | 25cm | |
| 丛书名: | ||
| 单 册: | ||
| 中图分类: | J292.25 , J292.2 | |
| 科图分类: | ||
| 主题词: | 法帖--中国--北宋 , 书法--中国 , 篆刻--中国 | |
| 电子资源: | ||
| ISBN: | ||
| 000 | 00652nam0 2200265 45 | |
| 001 | 0178000818 | |
| 005 | 20040520084332.1 | |
| 010 | @dCNY1.40 | |
| 100 | @a19950907d1965 em y0chiy0121 ea | |
| 101 | 0 | @achi |
| 102 | @aCN@b310000 | |
| 105 | @ay z 000yy | |
| 106 | @ar | |
| 200 | 10 | @a苏东坡墨迹选@Asu dong po mo ji xuan@f苏东坡绘@FSu Dong Po Hui |
| 210 | @a上海@c上海书店@d1965 | |
| 215 | @a一册@d25cm | |
| 606 | @a法帖@y中国@z北宋 | |
| 606 | 0 | @a书法@x中国 |
| 606 | 0 | @a篆刻@x中国 |
| 610 | 0 | @a墨迹 |
| 690 | @aJ292.25@v3 | |
| 690 | @aJ292.2@v3 | |
| 701 | 0 | @a苏东坡@4绘 |
| 801 | 0 | @aCN@bNLC@c20040520 |
| 905 | @dJ292.2@e91@f1@b119616 | |
| 苏东坡墨迹选/苏东坡绘.-上海:上海书店,1965 |
| 一册;25cm |
| ISBN :CNY1.40 |
| ● |
| 相关链接 |
|
|
|
|
正题名:苏东坡墨迹选
索取号:J292.2/91
 
预约/预借
| 序号 | 登录号 | 条形码 | 馆藏地/架位号 | 状态 | 备注 |
| 1 | 0119616 | 001704230 | 第一借阅区/ [索取号:J292.2/91] | 在馆 |